[Event "It (open)"]
[Site "masterchessopen.com - Hoogeveen (Netherlands)"]
[Round "9"]
[White "Reinderman Dimitri (NED)"]
[Black "Mikhalevski Victor (ISR)"]
[Result "1/2-1/2"]
[WhiteElo "2540"]
[BlackElo "2540"]

1.c4 Nf6 2.Nc3 d5 3.cxd5 Nxd5 4.g3 g6 5.Bg2 Nb6 6.d3 Bg7 7.Be3 Nc6 8.Bxc6+
bxc6 9.Qc1 h5 10.Nf3 Bg4 11.Ng5 h4 12.f3 Bd7 13.g4 Nd5 14.Bd2 h3 15.Nge4 {#d}
1/2-1/2

[Event "Ch Belgium"]
[Site "masterchessopen.com - Liege (Belgium)"]
[Round "8"]
[White "Claesen Pieter (BEL)"]
[Black "Vetemaa Juri (EST)"]
[Result "1/2-1/2"]
[WhiteElo "2410"]
[BlackElo "2310"]

1.c4 Nf6 2.Nc3 g6 3.g3 Bg7 4.Bg2 O-O 5.e3 c6 6.Nge2 d5 7.Qb3 dxc4 8.Qxc4 e5
9.d4 Nbd7 10.O-O Nb6 11.Qb3 Be6 12.Qc2 Nfd5 13.Nxd5 Bxd5 14.e4 Bc4 15.dxe5 Qd3
{#d} 1/2-1/2

[Event "It"]
[Site "masterchessopen.com - Nizhnij Tagil (Russia)"]
[Round "2"]
[White "Vaulin Alexander (RUS)"]
[Black "Neverov Valeriy (UKR)"]
[Result "1/2-1/2"]
[WhiteElo "2550"]
[BlackElo "2515"]

1.c4 Nf6 2.Nc3 d5 3.cxd5 Nxd5 4.g3 g6 5.Bg2 Nb6 6.d3 Bg7 7.Be3 Nc6 8.Bxc6+
bxc6 9.Nf3 Bg4 10.Nd2 Nd5 {#d} 1/2-1/2

[Event "Ch Germany (juniors) (under 11)"]
[Site "masterchessopen.com - Oberhof (Germany)"]
[Round "10"]
[White "Schaefer Juergen (GER)"]
[Black "Lassan Christian (GER)"]
[Result "1/2-1/2"]
[WhiteElo "2107"]
[BlackElo "2077"]

1.c4 Nf6 2.Nc3 g6 3.d3 d5 4.cxd5 Nxd5 5.Nf3 Bg7 6.Bd2 O-O 7.g3 Nc6 8.Bg2 Nb6
9.O-O Bg4 10.Rb1 Qd7 11.a3 Bh3 12.Ng5 Bxg2 13.Kxg2 h5 14.Kg1 h4 15.Kg2 Nd4
16.Be3 {#d} 1/2-1/2

[Event "It (open)"]
[Site "masterchessopen.com - Rhein an Main (Germany)"]
[Round "4"]
[White "Just Gabriele Dr (GER)"]
[Black "Dena Branislav (BIH)"]
[Result "0-1"]
[WhiteElo "1925"]
[BlackElo "2340"]

1.c4 Nf6 2.Nc3 g6 3.g3 Bg7 4.Bg2 O-O 5.e4 d6 6.Nge2 Nc6 7.O-O a6 8.d3 Rb8 9.f4
Bd7 10.h3 b5 11.b3 b4 12.e5 dxe5 13.fxe5 Nxe5 {#R} 0-1

[Event "It (open)"]
[Site "masterchessopen.com - Senden (Germany)"]
[Round "0"]
[White "Schimmer Karsten (GER)"]
[Black "Mielke Moritz (GER)"]
[Result "1/2-1/2"]
[WhiteElo "2118"]
[BlackElo "2205"]

1.c4 Nf6 2.Nc3 g6 3.g3 Bg7 4.Bg2 O-O 5.Rb1 c6 6.e4 d6 7.Nge2 e5 8.O-O Nbd7
9.b4 a6 10.a4 Re8 11.d3 {#d} 1/2-1/2

[Event "Ch Slovakia (team) 1997/98 (1 liga) West"]
[Site "masterchessopen.com - Slovakia"]
[Round "4"]
[White "Biro Karol (SVK)"]
[Black "Svonavec Stefan (SVK)"]
[Result "1-0"]
[WhiteElo "2158"]
[BlackElo "1984"]

1.c4 Nf6 2.Nc3 d5 3.cxd5 Nxd5 4.e4 Nb6 5.d4 Nc6 6.Be3 Na5 7.Rc1 c6 8.b3 g6
9.Nb1 Be6 10.Qd2 Nxb3 11.axb3 Bxb3 12.Qb2 Ba4 13.Nc3 Bg7 14.Qa2 Bb5 15.Nxb5
{#r} 1-0

[Event "Ch Slovakia (team) 1997/98 (2 liga) (a)"]
[Site "masterchessopen.com - Slovakia"]
[Round "0"]
[White "Hagara Vladimir (SVK)"]
[Black "Antol Ladislav (SVK)"]
[Result "1/2-1/2"]
[WhiteElo "1927"]
[BlackElo "2080"]

1.c4 Nf6 2.Nc3 g6 3.e4 d6 4.g3 Bg7 5.Bg2 O-O 6.Nge2 e5 7.d3 Be6 8.O-O c6 9.h3
Qd7 10.Kh2 Na6 11.f4 Nh5 12.Be3 f5 13.Qd2 fxe4 {#d} 1/2-1/2

[Event "It"]
[Site "masterchessopen.com - Szeged (Hungary)"]
[Round "8"]
[White "Bogdan Dan (ROM)"]
[Black "Nanu Ciprian-Costica (ROM)"]
[Result "1/2-1/2"]
[WhiteElo "2400"]
[BlackElo "2405"]

1.c4 Nf6 2.Nc3 c6 3.d4 g6 4.Nf3 Bg7 5.e4 O-O 6.Be2 d5 7.cxd5 cxd5 8.e5 Ne4
9.O-O Nc6 10.Be3 f6 11.exf6 exf6 12.Qb3 {#d} 1/2-1/2

[Event "Memorial P.Keres (open)"]
[Site "masterchessopen.com - Tallinn (Estonia)"]
[Round "8"]
[White "Krupenski Igor (EST)"]
[Black "Vark Liina (EST)"]
[Result "1/2-1/2"]
[WhiteElo "2255"]
[BlackElo "2051"]

1.c4 Nf6 2.Nc3 d5 3.cxd5 Nxd5 4.g3 g6 5.Bg2 Nxc3 6.bxc3 Bg7 7.Rb1 c6 8.Nf3 Qc7
9.Bb2 Be6 10.a4 O-O 11.Ng5 {#d} 1/2-1/2

[Event "Staatsliga B South 1999/00"]
[Site "masterchessopen.com - Austria"]
[Round "1"]
[White "Forintos Gyozo V (HUN)"]
[Black "Konopka Michal (CZE)"]
[Result "1/2-1/2"]
[WhiteElo "2343"]
[BlackElo "2484"]

1.c4 Nf6 2.Nc3 d5 3.cxd5 Nxd5 4.g3 g6 5.Bg2 Nb6 6.d3 Bg7 7.Be3 N8d7 8.Qd2 Nf6
9.Bh6 O-O 10.Nf3 Re8 11.Bxg7 Kxg7 12.d4 c6 13.O-O Nbd5 14.Nxd5 {#d} 1/2-1/2

[Event "It (w)"]
[Site "masterchessopen.com - Bucharest (Romania)"]
[Round "13"]
[White "Smokina Karolina (MDA)"]
[Black "Andreescu Nicoleta Aurora (ROM)"]
[Result "1/2-1/2"]
[WhiteElo "2135"]
[BlackElo "2131"]

1.c4 Nf6 2.Nc3 d5 3.cxd5 Nxd5 4.Nf3 Nxc3 5.dxc3 Qxd1+ 6.Kxd1 c6 7.e4 Bg4 8.Be2
Nd7 9.Nd4 Bxe2+ 10.Kxe2 e5 {#d} 1/2-1/2

[Event "Bundesliga (2nd) East 1998/99"]
[Site "masterchessopen.com - Germany"]
[Round "0"]
[White "Pribyl Martin (CZE)"]
[Black "Roesch Arnd Dr (GER)"]
[Result "1/2-1/2"]
[WhiteElo "2321"]
[BlackElo "2346"]

1.c4 Nf6 2.Nc3 d6 3.g3 Nbd7 4.Bg2 e5 5.Nf3 Be7 6.O-O O-O 7.d3 c6 8.Rb1 Re8
9.b4 d5 10.cxd5 Nxd5 11.Nxd5 cxd5 12.Qb3 d4 13.Bd2 Bf6 14.Qd5 Nb6 15.Qxd8 Rxd8
{#d} 1/2-1/2

[Event "Tournament (open)"]
[Site "masterchessopen.com - Helsinki (Finland)"]
[Round "4"]
[White "Ferretti Folco (ITA)"]
[Black "Ipsarides Herodotos (CYP)"]
[Result "1/2-1/2"]
[WhiteElo "2279"]
[BlackElo "2186"]

1.c4 Nf6 2.Nc3 g6 3.g3 Bg7 4.Bg2 d6 5.d3 e5 6.Nf3 Nbd7 7.O-O O-O 8.Rb1 a5 9.a3
c6 10.b4 axb4 11.axb4 d5 12.cxd5 cxd5 13.Bg5 d4 {#d} 1/2-1/2

[Event "It (open)"]
[Site "masterchessopen.com - Nachod (Czech Republic)"]
[Round "9"]
[White "Velecky V"]
[Black "Vyhnalek Bohuslav (CZE)"]
[Result "1/2-1/2"]
[WhiteElo "1900"]
[BlackElo "2190"]

1.c4 Nf6 2.Nc3 b6 3.Nf3 Bb7 4.b3 c5 5.Bb2 d5 6.cxd5 Nxd5 7.g3 e6 8.Bg2 Nd7
9.O-O N7f6 10.d4 cxd4 11.Qxd4 Bc5 12.Qa4+ {#d} 1/2-1/2

[Event "It (open)"]
[Site "masterchessopen.com - Presov (Slovakia)"]
[Round "9"]
[White "Helbich Jan Jr (SVK)"]
[Black "Krajcik Jan (SVK)"]
[Result "1/2-1/2"]
[WhiteElo "2195"]
[BlackElo "1995"]

1.c4 Nf6 2.Nc3 c6 3.g3 d6 4.Bg2 e5 5.d3 Be7 6.Nf3 O-O 7.O-O Na6 8.Rb1 Nc5 9.b4
Ne6 10.b5 Bd7 {#d} 1/2-1/2

[Event "It (open) (b)"]
[Site "masterchessopen.com - Viernheim (Germany)"]
[Round "8"]
[White "Piekors Mark (GER)"]
[Black "Baeuschlein Andreas (GER)"]
[Result "1/2-1/2"]
[WhiteElo "2116"]
[BlackElo "2056"]

1.c4 Nf6 2.Nc3 d5 3.cxd5 Nxd5 4.g3 g6 5.Bg2 Nxc3 6.bxc3 Bg7 7.Rb1 c6 8.Nf3 O-O
9.d4 Nd7 10.O-O Nb6 11.Qc2 Nc4 12.Rd1 Nd6 13.e4 Nxe4 14.Qxe4 Bf5 {#d} 1/2-1/2

[Event "It (open)"]
[Site "masterchessopen.com - Augsburg (Germany)"]
[Round "6"]
[White "Stauch Edgar (GER)"]
[Black "Kuempers Ulrich (GER)"]
[Result "1/2-1/2"]
[WhiteElo "2199"]
[BlackElo "2212"]

1.c4 Nf6 2.Nc3 d6 3.e4 e5 4.Nf3 Bg4 5.Be2 Nc6 6.d3 Be7 7.Be3 O-O 8.O-O h6
9.Rb1 a5 10.a3 Nh7 11.Nd5 Bxf3 12.Nxe7+ Qxe7 13.Bxf3 Ng5 14.b4 {#d} 1/2-1/2

[Event "It (open)"]
[Site "masterchessopen.com - Cannes (France)"]
[Round "7"]
[White "Duverlie Vincent (FRA)"]
[Black "Le Febvre Patrick (FRA)"]
[Result "1/2-1/2"]
[WhiteElo "2112"]
[BlackElo "2109"]

1.c4 Nf6 2.Nc3 d5 3.cxd5 Nxd5 4.g3 g6 5.Bg2 Nxc3 6.bxc3 Bg7 7.Rb1 c6 8.Nf3 O-O
9.O-O Nd7 10.Ba3 Re8 11.d4 Nb6 12.Qc2 Nc4 13.Bc1 Qa5 14.Rb4 b5 15.a4 a6 16.Ng5
Bd7 {#d} 1/2-1/2

[Event "It (open)"]
[Site "masterchessopen.com - Gyongyos (Hungary)"]
[Round "0"]
[White "Hever Janos (HUN)"]
[Black "Koszegi Lajos (HUN)"]
[Result "1/2-1/2"]
[WhiteElo "2018"]
[BlackElo "2144"]

1.c4 Nf6 2.Nc3 g6 3.g3 Bg7 4.Bg2 O-O 5.e4 d6 6.Nge2 Nc6 7.d3 Bg4 8.f3 Bd7
9.O-O Qc8 10.Rf2 Nh5 11.Be3 Ne5 12.Qd2 f5 13.b3 {#d} 1/2-1/2

[Event "It (b)"]
[Site "masterchessopen.com - Lohmar (Germany)"]
[Round "3"]
[White "Eising Johannes (GER)"]
[Black "Gorshkova Irina (BEL)"]
[Result "1/2-1/2"]
[WhiteElo "2316"]
[BlackElo "2131"]

1.c4 Nf6 2.Nc3 d5 3.cxd5 Nxd5 4.g3 g6 5.Bg2 c6 6.Qb3 Nb6 7.Nf3 Bg7 8.d3 Be6
9.Qc2 Na6 10.Ng5 Bf5 11.a3 O-O 12.O-O h6 13.Nge4 {#d} 1/2-1/2

[Event "It (open)"]
[Site "masterchessopen.com - Madrid (Spain)"]
[Round "6"]
[White "Blasco Frasquet Raul (ESP)"]
[Black "Hernandez Del Can Jose (ESP)"]
[Result "1/2-1/2"]
[WhiteElo "2071"]
[BlackElo "1730"]

1.c4 Nf6 2.Nc3 g6 3.g3 Bg7 4.Bg2 c6 5.e4 d6 6.d4 O-O 7.Nf3 Nbd7 8.e5 dxe5
9.dxe5 Ng4 10.e6 fxe6 11.O-O Nde5 12.Qe2 Qd3 13.Qxd3 Nxd3 {#d} 1/2-1/2

[Event "Ch Uruguay"]
[Site "masterchessopen.com - Montevideo (Uruguay)"]
[Round "4"]
[White "Carvalho Guillermo (URU)"]
[Black "Prado Rommel (URU)"]
[Result "1-0"]
[WhiteElo "2172"]
[BlackElo "2161"]

1.c4 Nf6 2.Nc3 g6 3.g3 Bg7 4.Bg2 O-O 5.e3 e5 6.Rb1 d6 7.d3 a5 8.Nge2 Na6 9.O-O
Nc5 10.b3 Bf5 11.e4 Bd7 12.Bb2 Qc8 13.Qd2 Bh3 14.f3 Nh5 15.Nd5 Be6 16.Ne7+
{#r} 1-0

[Event "It (b)"]
[Site "masterchessopen.com - Porto (Portugal)"]
[Round "9"]
[White "Guimaraes Jorge (POR)"]
[Black "Silva Antonio Augusto (POR)"]
[Result "1/2-1/2"]
[WhiteElo "2313"]
[BlackElo "2202"]

1.c4 Nf6 2.Nc3 d5 3.cxd5 Nxd5 4.g3 g6 5.Bg2 Nxc3 6.bxc3 Bg7 7.f4 c5 8.Rb1 Qc7
9.Nf3 Nc6 10.O-O O-O 11.Qa4 Rb8 {#d} 1/2-1/2

[Event "Ch Germany (seniors)"]
[Site "masterchessopen.com - Dresden (Germany)"]
[Round "5"]
[White "Becker Guenter (GER)"]
[Black "Winter Bernd (GER)"]
[Result "0-1"]
[WhiteElo "1849"]
[BlackElo "1942"]

1.c4 Nf6 2.Nc3 g6 3.g3 Bg7 4.Bg2 O-O 5.e4 d6 6.Nge2 e5 7.O-O Nbd7 8.f4 c6 9.d3
Qb6+ 10.Kh1 Ng4 11.Qe1 Nc5 12.Rf3 Nxd3 13.Be3 Nxe1 14.Bxb6 Nxf3 15.Bxf3 axb6
16.f5 Ne3 {#R} 0-1

[Event "It (open)"]
[Site "masterchessopen.com - Genoa (Italy)"]
[Round "7"]
[White "Nelli Luca (ITA)"]
[Black "Cehic Goran (CRO)"]
[Result "1/2-1/2"]
[WhiteElo "2155"]
[BlackElo "2157"]

1.c4 Nf6 2.Nc3 d5 3.cxd5 Nxd5 4.g3 g6 5.Bg2 Nxc3 6.bxc3 Bg7 7.Rb1 c6 8.Nf3 O-O
9.Qa4 Nd7 10.O-O Nb6 11.Qc2 e5 12.d3 h6 {#d} 1/2-1/2

[Event "Ch SJRP (juniors) (under 16)"]
[Site "masterchessopen.com - Germany"]
[Round "6"]
[White "Kuehner Christian (GER)"]
[Black "Lohr Matthias (GER)"]
[Result "1/2-1/2"]
[WhiteElo "2146"]
[BlackElo "2113"]

1.c4 Nf6 2.Nc3 g6 3.e4 e5 4.Nf3 d6 5.d4 Nbd7 6.dxe5 dxe5 7.Be2 Bg7 8.O-O O-O
9.Bg5 h6 10.Bh4 g5 11.Bg3 {#d} 1/2-1/2

[Event "Memorial V.Syre (open)"]
[Site "masterchessopen.com - Issy Les Moulineaux (France)"]
[Round "3"]
[White "Chaillot Alain (FRA)"]
[Black "Nguyen Thanh-Tong (FRA)"]
[Result "1-0"]
[WhiteElo "2184"]
[BlackElo "2296"]

1.c4 Nf6 2.Nc3 g6 3.e4 d6 4.g3 Bg7 5.Bg2 O-O 6.Nge2 e5 7.O-O c6 8.d3 Be6 9.f4
Qb6+ 10.Kh1 Ng4 11.Na4 Nf2+ 12.Kg1 Nh3+ 13.Kh1 Qg1+ 14.Nxg1 {#r} 1-0

[Event "Tournament"]
[Site "masterchessopen.com - Padrun (Spain)"]
[Round "7"]
[White "Almirante Olay Ruben (ESP)"]
[Black "Menendez Villar Jesus (ESP)"]
[Result "1/2-1/2"]
[WhiteElo "1899"]
[BlackElo "2014"]

1.c4 Nf6 2.Nc3 g6 3.b4 Bg7 4.Bb2 O-O 5.Nf3 e6 6.g3 d5 7.cxd5 exd5 8.Bg2 c6
9.O-O Bg4 10.e3 Nbd7 11.d4 Re8 12.a3 Qc7 13.Qc2 {#d} 1/2-1/2

[Event "It (open)"]
[Site "masterchessopen.com - Polanica Zdroj (Poland)"]
[Round "10"]
[White "Tazbir Marcin (POL)"]
[Black "Owczarzak Jerzy (POL)"]
[Result "1/2-1/2"]
[WhiteElo "2130"]
[BlackElo "2288"]

1.c4 Nf6 2.Nc3 d5 3.cxd5 Nxd5 4.g3 g6 5.Bg2 Nxc3 6.dxc3 Qxd1+ 7.Kxd1 e5 8.e4
Bc5 9.f3 Be6 10.Bh3 Bxh3 11.Nxh3 f6 {#d} 1/2-1/2

[Event "It (open) (b)"]
[Site "masterchessopen.com - Presov (Slovakia)"]
[Round "5"]
[White "Stric Dusan (SVK)"]
[Black "Tauber Marek (SVK)"]
[Result "1/2-1/2"]
[WhiteElo "2010"]
[BlackElo "2166"]

1.c4 Nf6 2.Nc3 d5 3.cxd5 Nxd5 4.g3 g6 5.Bg2 Nb6 6.b3 Bg7 7.Bb2 O-O 8.Nf3 Nc6
9.O-O e5 10.d3 Nd4 11.e3 Nxf3+ 12.Bxf3 c6 13.Bg2 Nd5 14.Nxd5 {#d} 1/2-1/2

[Event "Verbandsliga Baden South 2000/01"]
[Site "masterchessopen.com - Germany"]
[Date "2001.03.18"]
[Round "8"]
[White "Gierth Hans-Joachim (GER)"]
[Black "Schmider Bernd (GER)"]
[Result "1/2-1/2"]
[WhiteElo "2272"]
[BlackElo "2173"]

1.c4 Nf6 2.Nc3 d5 3.cxd5 Nxd5 4.e4 Nxc3 5.dxc3 Qxd1+ 6.Kxd1 e5 7.Be3 Be6 8.Nf3
f6 9.Nd2 Nd7 10.Bc4 Bxc4 11.Nxc4 Bc5 12.Kc2 O-O-O {#d} 1/2-1/2

[Event "Ch Turkey"]
[Site "masterchessopen.com - Ankara (Turkey)"]
[Round "9"]
[White "Sengul Cengiz (TUR)"]
[Black "Citak Selim (TUR)"]
[Result "1/2-1/2"]
[WhiteElo "2067"]
[BlackElo "2122"]

1.c4 Nf6 2.Nc3 d5 3.cxd5 Nxd5 4.Nf3 g6 5.g3 Bg7 6.Bg2 Nxc3 7.bxc3 O-O 8.O-O c5
9.Qa4 Bd7 10.Qh4 Nc6 11.d4 cxd4 12.cxd4 e5 {#d} 1/2-1/2

[Event "Cup Nord-West"]
[Site "masterchessopen.com - Bad Zwischenahn (Germany)"]
[Round "3"]
[White "Asendorf Joachim (GER)"]
[Black "Zezulkin Jurij (BLR)"]
[Result "1/2-1/2"]
[WhiteElo "2280"]
[BlackElo "2524"]

1.c4 Nf6 2.Nc3 d5 3.cxd5 Nxd5 4.g3 g6 5.Bg2 Nb6 6.d3 Bg7 7.Be3 Nc6 8.Bxc6+
bxc6 9.Qc1 c5 10.Bxc5 Bb7 11.f3 Qd7 12.h4 h6 13.Nh3 Be5 14.Nf4 g5 {#d} 1/2-1/2

[Event "It (open)"]
[Site "masterchessopen.com - Banyoles (Spain)"]
[Round "5"]
[White "Sorroche Martin Jose Maria (ESP)"]
[Black "Cruanas Ruart Josep (ESP)"]
[Result "1/2-1/2"]
[WhiteElo "2242"]
[BlackElo "1984"]

1.c4 Nf6 2.Nc3 g6 3.e4 e5 4.Nf3 d6 5.d4 Nbd7 6.Bg5 c6 7.dxe5 dxe5 8.Nxe5 h6
9.Bh4 Be7 10.Nxd7 Bxd7 11.Bg3 Qa5 12.Qd4 O-O-O 13.Qe5 Qxe5 14.Bxe5 Rhe8 15.Be2
Nxe4 16.O-O Bf6 {#d} 1/2-1/2

[Event "It (cat.2)"]
[Site "masterchessopen.com - Budapest (Hungary)"]
[Round "3"]
[White "Schneider Attila (HUN)"]
[Black "Dub Zeev (ISR)"]
[Result "1/2-1/2"]
[WhiteElo "2302"]
[BlackElo "2377"]

1.c4 Nf6 2.Nc3 d5 3.cxd5 Nxd5 4.g3 g6 5.Bg2 Nb6 6.d3 Bg7 7.Bd2 O-O 8.Qc1 Re8
9.Bh6 Bh8 10.h4 N8d7 11.h5 {#d} 1/2-1/2

[Event "It (open)"]
[Site "masterchessopen.com - Port Erin (England)"]
[Round "4"]
[White "Ledger Andrew (ENG)"]
[Black "Lalic Bogdan (ENG)"]
[Result "1/2-1/2"]
[WhiteElo "2397"]
[BlackElo "2547"]

1.c4 Nf6 2.Nc3 g6 3.g3 Bg7 4.Bg2 O-O 5.e4 d6 6.Nge2 e5 7.O-O c6 8.d3 a6 9.h3
b5 10.a3 Nbd7 11.Be3 Bb7 12.f4 exf4 {#d} 1/2-1/2

[Event "Ch Hungary (team) 2001/02 (2 liga)"]
[Site "masterchessopen.com - Hungary"]
[Date "2002.01.27"]
[Round "6"]
[White "Hera Imre Jr (HUN)"]
[Black "Sipos Istvan (HUN)"]
[Result "1/2-1/2"]
[WhiteElo "2331"]
[BlackElo "2231"]

1.c4 Nf6 2.Nc3 d5 3.cxd5 Nxd5 4.Qa4+ Bd7 5.Qb3 Nb6 6.Nf3 Nc6 7.d4 e6 8.e4 Bd6
9.Bg5 Nxd4 10.Bxd8 Nxb3 11.Bxc7 Bxc7 12.axb3 a6 13.Bd3 {#d} 1/2-1/2

[Event "Regionalliga Northwest 2002/03"]
[Site "masterchessopen.com - Germany"]
[Date "2002.11.17"]
[Round "2"]
[White "Stauch Edgar (GER)"]
[Black "Zoeller Bernd"]
[Result "1/2-1/2"]
[WhiteElo "2199"]
[BlackElo "2020"]

1.c4 Nf6 2.Nc3 d5 3.cxd5 Nxd5 4.e4 Nxc3 5.bxc3 e5 6.Nf3 Bd6 7.Bc4 O-O 8.O-O
Bg4 9.d4 Qf6 10.Be2 Re8 11.Qd3 Qg6 12.d5 Nd7 13.Nd2 {#d} 1/2-1/2

[Event "Extra League 2002/03"]
[Site "masterchessopen.com - Czech Republic"]
[Round "10"]
[White "Polak Tomas (CZE)"]
[Black "Jirka Jiri (CZE)"]
[Result "1/2-1/2"]
[WhiteElo "2466"]
[BlackElo "2372"]

1.c4 Nf6 2.Nc3 c6 3.e4 e5 4.Nf3 Qa5 5.Be2 Bb4 6.Qc2 O-O 7.O-O Na6 8.d3 Bxc3
9.bxc3 h6 10.Be3 Re8 11.Rab1 d5 12.exd5 cxd5 13.d4 exd4 14.Bxd4 dxc4 15.Bxc4
Bf5 {#d} 1/2-1/2

[Event "Ch Bosnia & Herzegovina (team)"]
[Site "masterchessopen.com - Jahorina (Bosnia & Herzegovina)"]
[Round "5"]
[White "Cabrilo Goran (SRB)"]
[Black "Vukic Milan (BIH)"]
[Result "1/2-1/2"]
[WhiteElo "2496"]
[BlackElo "2474"]

1.c4 Nf6 2.Nc3 d6 3.g3 g6 4.Bg2 Bg7 5.e3 O-O 6.Nge2 e5 7.O-O Re8 8.d3 c6 9.e4
Be6 10.f4 Qb6+ 11.Kh1 Ng4 12.f5 Bd7 {#d} 1/2-1/2

[Event "Ch Uruguay"]
[Site "masterchessopen.com - Montevideo (Uruguay)"]
[Round "5"]
[White "Carvalho Guillermo (URU)"]
[Black "Lopez Falcon Jorge (URU)"]
[Result "1/2-1/2"]
[WhiteElo "2216"]
[BlackElo "2135"]

1.c4 Nf6 2.Nc3 g6 3.e4 d6 4.g3 Bg7 5.Bg2 O-O 6.Nge2 c6 7.O-O e5 8.d3 Na6 9.Rb1
Nc7 10.b4 d5 11.cxd5 cxd5 12.Bg5 d4 13.Nd5 Be6 {#d} 1/2-1/2

[Event "Ch Hungary (team) 2002/03"]
[Site "masterchessopen.com - Hungary"]
[Date "2003.03.02"]
[Round "8"]
[White "Peter Ambrus (HUN)"]
[Black "Boros Denes (HUN)"]
[Result "1/2-1/2"]
[WhiteElo "2410"]
[BlackElo "2414"]

1.c4 Nf6 2.Nc3 d5 3.cxd5 Nxd5 4.g3 g6 5.Bg2 Nxc3 6.bxc3 Bg7 7.Nf3 Nc6 8.O-O
O-O 9.d4 Qd7 10.Rb1 Rb8 11.e3 b6 12.c4 {#d} 1/2-1/2

[Event "Cup Mediteran"]
[Site "masterchessopen.com - Rijeka (Croatia)"]
[Date "2003.09.02"]
[Round "5"]
[White "Ramesa Davor (CRO)"]
[Black "Sikanjic Bojan (CRO)"]
[Result "1/2-1/2"]
[WhiteElo "2161"]
[BlackElo "2153"]

1.c4 Nf6 2.Nc3 g6 3.g3 Bg7 4.Bg2 O-O 5.e4 d6 6.Nge2 c6 7.O-O e5 8.d3 Nbd7 9.h3
a5 10.Be3 Nc5 {#d} 1/2-1/2

[Event "Bayern Regionalliga Northwest 2003/04"]
[Site "masterchessopen.com - Bayern (Germany)"]
[Date "2003.11.02"]
[Round "2"]
[White "Ruetzel Wolfgang"]
[Black "Kinkelin Ulrich (GER)"]
[Result "1/2-1/2"]
[WhiteElo "1977"]
[BlackElo "2019"]

1.c4 Nf6 2.Nc3 g6 3.g3 Bg7 4.Bg2 d6 5.e4 e5 6.Nge2 Be6 7.d3 O-O 8.h3 c6 9.O-O
d5 10.cxd5 cxd5 11.d4 Nxe4 12.dxe5 Bxe5 13.Nxe4 {#d} 1/2-1/2

[Event "It (open)"]
[Site "masterchessopen.com - Bethune (France)"]
[Date "2003.12.30"]
[Round "7"]
[White "Jongsma Wietse (NED)"]
[Black "Luijpen Michiel (NED)"]
[Result "1/2-1/2"]
[WhiteElo "2134"]
[BlackElo "2147"]

1.c4 Nf6 2.Nc3 d5 3.cxd5 Nxd5 4.g3 g6 5.Bg2 Nxc3 6.bxc3 Bg7 7.Nf3 O-O 8.O-O c5
9.Qc2 Nc6 10.Rb1 Qc7 11.d3 Rb8 12.Be3 b6 13.Qc1 e5 14.Bh6 Re8 15.Bxg7 {#d}
1/2-1/2

[Event "Ch Slovakia (team) 2003/04 (1 liga) West"]
[Site "masterchessopen.com - Slovakia"]
[Round "11"]
[White "Vrbica Ladislav (SVK)"]
[Black "Mikita Jozef (SVK)"]
[Result "0-1"]
[WhiteElo "2111"]
[BlackElo "2209"]

1.c4 Nf6 2.Nc3 c6 3.b3 d5 4.e3 e5 5.d4 Bb4 6.Bb2 Ne4 7.Ne2 Bg4 8.f3 Bxf3
9.gxf3 Qh4+ 10.Ng3 Nxc3 11.Kf2 Nxd1+ {#R} 0-1

[Event "It (open)"]
[Site "masterchessopen.com - Chennai (India)"]
[Date "2004.02.01"]
[Round "13"]
[White "Roktim Bandyopadhyay (IND)"]
[Black "Shashikant Kutwal (IND)"]
[Result "1/2-1/2"]
[WhiteElo "2345"]
[BlackElo "2267"]

1.c4 Nf6 2.Nc3 d6 3.g3 g6 4.Bg2 Bg7 5.e3 O-O 6.Nge2 e5 7.O-O Nc6 8.d3 Be6
9.Nd5 Qd7 10.e4 Ne8 11.Be3 f5 12.Qd2 {#d} 1/2-1/2